[Event "Your Next Move GCT 2018-Blitz"]
[Site "Leuven"]
[Date "2018.06.15"]
[Round "6"]
[White "Caruana, Fabiano"]
[Black "Mamedyarov, Shakhriyar"]
[Result "1/2-1/2"]
[WhiteElo "2818"]
[BlackElo "2757"]
[Annotator "TA"]
[PlyCount "108"]
[EventDate "2018.06.16"]
[EventType "tourn"]
[EventCountry "BEL"]
[SourceTitle "playchess.com"]
[Source "ChessBase"]
[SourceQuality "1"]

{[%evp 19,108,83,73,89,90,72,98,83,96,22,120,102,142,91,65,39,49,51,37,-1534,114,98,105,97,134,90,118,80,195,172,206,131,141,162,169,161,231,218,220,63,240,217,211,73,79,72,250,254,282,0,0,-179,-166,-820,-804,-781,761,753,750,716,699,694,695,676,676,666,639,0,639,608,666,641,926,337,272,133,124,0,0,0,0,0,8,0,0,0,0,0,0,0,0]} 1. e4 c5 2. Nf3 Nf6 3. Nc3 d5 4. exd5 Nxd5 5. Bb5+ Bd7 6. Ne5 Bxb5 {B29: Sicilian: 2 Nf3 Nf6 (Nimzowitsch Variation)} 7. Qf3 f6 8. Nxb5 Na6 {[%cal Bb8a6,Ba6b4,Bb4c2][%mdl 32]} 9. Qh5+ g6 10. Nxg6 hxg6 {LiveBook: 21 Games} 11. Qxh8 Qd7 12. Nc3 {aiming for 0-0.} Nab4 $146 ({Predecessor:} 12... Qe6+ 13. Kf1 Nab4 14. Qh4 {1-0 (41) Parligras,M (2587)-Westerberg,J (2496) Reykjavik 2015}) 13. O-O {Threatens to win with Qg8.} Nxc2 14. Rb1 (14. Nxd5 $1 $16 {Black must now prevent Nf4.} Qxd5 15. Rb1) 14... O-O-O (14... Nf4 $1 $11 {keeps the balance.}) 15. Qh4 Nd4 16. Qe4 (16. Nxd5 $142 Qxd5 17. d3) 16... e6 $16 17. d3 f5 18. Qe1 Bd6 {...Bxh2+! is the strong threat.} 19. Bg5 $2 {[%mdl 8192] [#]} (19. h3 $14) 19... Rh8 $2 (19... Bxh2+ $1 $19 {[%mdl 512]} 20. Kxh2 Qh7+ 21. Kg1 Rh8) 20. f4 $1 Nb4 21. Rd1 a6 22. h3 Kb8 23. Qf2 Rh5 (23... Re8 $16 {was worth a try.}) 24. Bf6 $18 Nbc6 25. Rfe1 Qf7 26. Bxd4 cxd4 27. Ne2 e5 (27... Bc5 $142 28. Rc1 Bb6) 28. Rc1 Qd5 29. Qg3 $2 (29. fxe5 $18 Qxe5 30. Rc4) 29... e4 $2 ({Better is} 29... Rh8 $14) 30. Qxg6 Rh8 31. Ng3 (31. dxe4 $1 $18 fxe4 32. Rcd1) 31... Bxf4 $16 32. dxe4 Qe5 $2 (32... Qxa2 $16 33. Ra1 (33. Nxf5 Bxc1 34. Qg3+ Ka8 $11) 33... Qb3) 33. exf5 $18 Be3+ {[#]} 34. Kh1 $2 (34. Kh2 $1 $18) 34... Ne7 $1 $11 {[%cal Re7g6]} 35. Qe6 $2 (35. Rxe3 $1 $11 dxe3 36. Qf7) 35... Qxg3 $19 36. f6 $2 {[#]} (36. Rxe3 Qxe3 37. Qxe3 dxe3 38. g4) 36... Nd5 $1 {[%mdl 512]} 37. f7 (37. Qxd5 Rxh3+) 37... Nf4 $4 {[%mdl 8192]} (37... Bxc1 $19 38. Rxc1 Ne3 39. Qe8+ Ka7) 38. Qd6+ $18 Ka7 39. Qc5+ Ka8 40. f8=Q+ Rxf8 41. Qxf8+ Ka7 {[%csl Gf4][%cal Rg3g2]} 42. Qc5+ Ka8 {[%csl Gf4][%cal Rg3g2]} 43. Qc8+ Ka7 {[%csl Gf4][%cal Rg3g2] [#]} 44. Qg4 $1 {[%cal Rg4g3]} Qf2 {intending ...Nd3.} 45. Rcd1 Nd3 46. Qe2 $2 (46. Re2) 46... Nxe1 47. Rxe1 {[%mdl 4096] Endgame KQR-KQB} ({Don't do} 47. Qxe1 $6 Qxb2 48. a4 Qb3 $16) (47. Qxf2 $18 {and the rest is easy.} Bxf2 48. g4) 47... Qg3 $16 48. Rf1 ({White should play} 48. Rd1 $16) 48... Bf4 $11 {( -> ...Qh2#). The position is equal.} 49. Rxf4 Qxf4 {KQ-KQ} 50. Kg1 Qc1+ 51. Kf2 Qf4+ 52. Qf3 Qd2+ 53. Qe2 Qf4+ 54. Qf3 Qd2+ {Precision: White = 38%, Black = 39%.} 1/2-1/2

[Event "Your Next Move GCT 2018-Blitz"]
[Site "Leuven"]
[Date "2018.06.15"]
[Round "6"]
[White "Giri, Anish"]
[Black "Karjakin, Sergey"]
[Result "1/2-1/2"]
[WhiteElo "2799"]
[BlackElo "2816"]
[Annotator "TA"]
[PlyCount "135"]
[EventDate "2018.06.16"]
[EventType "tourn"]
[EventCountry "BEL"]
[SourceTitle "playchess.com"]
[Source "ChessBase"]
[SourceQuality "1"]

{[%evp 24,135,10,6,14,14,20,14,24,29,28,28,33,37,40,45,95,48,56,26,25,29,29,27,26,7,62,77,84,84,85,80,88,91,78,61,61,61,89,95,122,95,94,60,66,35,37,35,39,39,150,67,84,81,69,30,67,74,75,75,75,8,8,8,8,0,8,8,8,8,8,8,8,8,8,8,8,8,8,8,8,8,8,8,8,8,8,8,8,8,8,8,8,0,0,0,8,0,8,8,8,10,18,8,20,0,0,0,39,0,55,0,40,0]} 1. e4 e5 2. Nf3 Nc6 3. Bb5 Nf6 4. O-O Nxe4 5. Re1 Nd6 6. Nxe5 Be7 7. Bf1 Nxe5 8. Rxe5 O-O 9. d4 Bf6 10. Re1 Re8 {C67: Ruy Lopez: Berlin Defence: 4 0-0 Nxe4} (10... Nf5 11. d5 Re8 12. Rxe8+ Qxe8 13. Qd3 d6 14. Nd2 Bg5 15. Nf3 Bxc1 16. Rxc1 Bd7 17. Re1 Qd8 18. Qc4 {1-0 (31) Carlsen,M (2843)-Aronian,L (2764) Stavanger 2018}) 11. Rxe8+ Nxe8 12. d5 d6 13. Nd2 {[%cal Bb1d2,Bd2f3,Bf3d4][%mdl 32] LiveBook: 5 Games} Bg5 {[#]} 14. c4 $146 ({Predecessor:} 14. Nc4) 14... Nf6 15. h3 Bf5 16. Nf3 Bxc1 17. Rxc1 Qd7 18. Nd4 h6 19. Qb3 c5 20. dxc6 bxc6 21. Nxf5 Qxf5 22. Qb7 Qc8 $1 {[%cal Rc8b7]} 23. Qxc8+ Rxc8 $11 {[%mdl 4096] Endgame KRB-KRN} 24. b4 a5 ({Black should play} 24... Kf8 $11) 25. bxa5 $14 Ra8 26. c5 Rxa5 27. cxd6 Rxa2 28. Rxc6 Rd2 29. Bb5 g5 30. Ra6 Rd5 31. Ba4 Kg7 32. f3 Rd2 33. Bb5 Nd5 34. Ra8 Nb6 35. Rd8 Rd5 36. Bc6 Rc5 {[#]} (36... Rd1+ $1 $14 37. Kf2 Nc4) 37. Be4 (37. Rc8 $1 $16 {[%mdl 512]}) 37... Rc1+ 38. Kf2 Rd1 39. g4 Kf6 40. Bf5 h5 41. d7 hxg4 42. fxg4 (42. Bxg4 $16 {f4! is the strong threat.} Rd6 43. Kg3) 42... Rd6 43. Ke2 Rd5 44. Kf2 Rd2+ 45. Kg3 Rd6 46. h4 gxh4+ 47. Kxh4 Rd5 48. Kg3 Rd6 49. Kf4 Rd4+ 50. Ke3 Rd6 51. Ke4 Rd2 52. g5+ Kg7 53. Ke3 Rd5 54. Kf4 Rd4+ 55. Kf3 Rd5 56. Kg4 Rd4+ 57. Kg3 Rd5 58. Kf4 Rd4+ 59. Ke3 Rd5 60. Ke4 {And now Re8 would win.} Rd2 61. Bg4 Rd6 62. Bh3 Rd2 63. Bf5 Rd6 64. Kf4 Rd4+ 65. Kg3 Rd5 66. Kg4 Rd4+ 67. Kf3 Rd5 68. Ke4 {Precision: White = 46%, Black = 67%.} 1/2-1/2

[Event "Your Next Move GCT 2018-Blitz"]
[Site "Leuven"]
[Date "2018.06.15"]
[Round "7"]
[White "So, Wesley"]
[Black "Caruana, Fabiano"]
[Result "1/2-1/2"]
[WhiteElo "2856"]
[BlackElo "2818"]
[Annotator "TA"]
[PlyCount "95"]
[EventDate "2018.06.16"]
[EventType "tourn"]
[EventCountry "BEL"]
[SourceTitle "playchess.com"]
[Source "ChessBase"]
[SourceQuality "1"]

{[%evp 23,95,14,10,0,0,-6,0,0,-6,-77,9,10,28,21,14,18,18,17,15,25,65,50,44,39,50,48,77,0,0,-31,0,0,0,-5,-6,-32,0,-206,-198,-217,-218,-215,-198,-197,-197,-251,-244,-244,-238,-238,-233,-226,-231,-197,-141,-120,-128,-142,-93,-93,0,-66,-75,-93,-93,-101,147,146,138,0,0,0,0,0]} 1. Nf3 d5 2. g3 g6 3. Bg2 Bg7 4. d4 Nf6 5. O-O O-O 6. c4 c6 7. b3 dxc4 8. bxc4 c5 9. Bb2 cxd4 10. Nxd4 Qb6 11. Qc1 Bd7 {A49: 1 d4 Nf6 2 Nf3 g6 3 g3: Anti-King's Indian systems} 12. Nd2 Nc6 {LiveBook: 9 Games} 13. N2b3 (13. e3 Rac8 14. Bc3 Nxd4 15. exd4 Bf5 16. Qa3 Bd3 17. Rfe1 Bxc4 18. Nxc4 Rxc4 19. Rab1 {½-½ (36) Mamedyarov,S (2814)-Radjabov,T (2748) Shamkir 2018}) 13... Rac8 {[#]} 14. Rd1 $146 Rfd8 15. Rb1 Qc7 16. Bc3 (16. c5 $11 {keeps the balance.}) 16... b6 (16... Nxd4 $1 $17 17. Bxd4 Bf5) 17. Nb5 $11 Qb8 18. Qa3 a5 19. Qb2 a4 $1 {[%cal Ra4b3]} 20. Nd2 Bf5 21. Rbc1 Na5 22. Be5 Ne8 23. Bxg7 Nxg7 24. Qb4 Qe5 25. e3 (25. Nc3 $16) 25... Bg4 $36 {[%mdl 2048] Black has good play.} 26. Re1 Nc6 27. Bxc6 $1 Rxc6 28. Nd4 Rcc8 29. Qxb6 Ne6 {[%cal Re6d4]} 30. Nxe6 $2 (30. f4 $11 {and White has nothing to worry.} Qc5 31. Qxc5 Nxc5 32. Rf1) 30... Rxd2 $19 31. Nd4 Qe4 $1 ({Weaker is} 31... Rxa2 32. Qb1 $15) 32. Qb1 Qxb1 33. Rxb1 Rxc4 (33... Rxa2 34. Rec1 $17) 34. Rb8+ (34. Ra1 $142) 34... Kg7 35. Re8 Kf6 ({Don't take} 35... Rxa2 36. Rxe7 Bh3 37. g4) 36. Kg2 e5 37. Nf3 Bxf3+ $1 ({Stronger than} 37... Rxa2 38. Nxe5 Re4 39. Nxg4+ Rxg4 40. e4 $14) 38. Kxf3 {[%mdl 4096] Endgame KRR-KRR} Rcc2 (38... Rxa2 $19 39. g4 a3) 39. Rf1 $17 Rxa2 40. g4 Rab2 {aiming for ...a3.} 41. Ra8 {[#]} Ra2 (41... e4+ $1 $17 {[%mdl 512]} 42. Kxe4 Rxf2 43. Rxf2+ Rxf2 44. Rxa4 Rxh2) 42. h4 (42. Re8 $1 $11) 42... a3 $15 43. g5+ {[#]} Kg7 $1 44. Kg3 Rd5 $2 (44... h6 $17 {stays on course.} 45. Ra7 hxg5 46. hxg5 e4) 45. Rc1 $16 {Threatening mate with Rcc8.} Rd7 {[#]} 46. Rc3 (46. Rcc8 $1 $16 {[%csl Ga8][%cal Rc8g8]} f5 47. Rc3) 46... h6 $11 47. Raxa3 Rxa3 48. Rxa3 {Precision: White = 56%, Black = 58%.} 1/2-1/2

[Event "Your Next Move GCT 2018-Blitz"]
[Site "Leuven"]
[Date "2018.06.15"]
[Round "7"]
[White "Anand, Viswanathan"]
[Black "Grischuk, Alexander"]
[Result "1/2-1/2"]
[WhiteElo "2817"]
[BlackElo "2831"]
[Annotator "TA"]
[PlyCount "141"]
[EventDate "2018.06.16"]
[EventType "tourn"]
[EventCountry "BEL"]
[SourceTitle "playchess.com"]
[Source "ChessBase"]
[SourceQuality "1"]

{[%evp 16,141,-26,-22,-20,-22,-22,-25,-10,-27,-27,-23,-23,-60,-66,-61,-58,-69,-64,-69,-71,-81,-78,-106,-106,-106,-106,-106,-106,-106,-106,-106,-106,-106,-106,-159,-99,-99,-99,-152,-106,-181,-91,-99,-99,-173,-171,-243,-181,-181,-178,-181,-178,-178,-171,-181,-181,-181,-168,-300,-153,-181,-181,-181,0,-181,-181,-220,-181,-181,-166,-166,-145,-156,-152,-183,-183,-183,-183,-183,-183,-183,-183,-183,-183,-183,-183,-183,-183,-330,-333,-317,-277,-281,-280,-353,-335,-289,-122,-387,-377,-342,-342,-377,-366,-400,-337,-360,0,0,0,0,0,-418,-408,-415,-183,-366,-332,-29975,-29976,-29980,-29981,-29977,0,0,0,-29999]} 1. e4 c5 2. Nf3 d6 3. Bb5+ Bd7 4. Bxd7+ Qxd7 5. O-O Nf6 6. Qe2 Nc6 7. b3 g6 8. Bb2 Bg7 {B52: Sizilianisch (Rossolimo-Variante)} 9. c4 {LiveBook: 5 Partien} Nh5 10. Bxg7 Nxg7 11. Nc3 O-O 12. Qe3 $146 ({Vorgänger:} 12. e5 Nf5 13. Nd5 dxe5 14. Nxe5 Qe6 15. Rae1 Qxe5 16. Qxe5 Nxe5 17. Rxe5 {½-½ (26) Kamsky,G (2725)-Karjakin,S (2706) Nice 2009}) 12... e5 13. d3 f5 {[%cal Bf7f5,Bf5f4][%mdl 32]} 14. Nd5 f4 $36 {[%mdl 2048] Schwarz hat Druck.} 15. Qd2 Ne6 16. b4 g5 17. bxc5 dxc5 18. h3 h5 19. Nh2 Qg7 20. f3 Rf7 21. Rfb1 Ned4 22. Rb2 Rd8 23. Rab1 b6 24. Qd1 Rd6 25. a3 {[#]} (25. Kf2 $142) 25... Kh7 ({Günstiger ist} 25... Qh8 $1 26. Qc1 Qh6) 26. Ra2 Rg6 27. Rab2 (27. Kf2 $142) 27... Qf8 28. Ra2 (28. Kf1 $17) 28... Qd6 (28... Kg8 $19 29. Rf2 Qc8) 29. Rab2 Rfg7 30. a4 (30. Kf2 $17) 30... Qd8 $19 31. Ra1 (31. Kf2 {ist eine bessere Verteidigung.}) 31... Rh6 32. Rab1 Na5 33. Qe1 Qd7 34. Qd1 Kh8 35. Rf2 Nac6 36. Rbb2 Qe6 37. Rb1 (37. Rf1 $142) 37... Kh7 (37... g4 $19 38. fxg4 Kh7) 38. Rbb2 Rhg6 39. Rb1 Qd6 $2 ({Lieber} 39... Kg8 $19 40. Qe1 Rd7) 40. Rbb2 $2 (40. Rfb2 $11) 40... Qd8 41. Rb1 Qf8 42. Rbb2 Qd6 43. Rb1 Qd8 44. Rbb2 Rb7 45. Rb1 a5 46. Rfb2 {[%cal Rb2b6]} Nb4 47. Rf2 Rbg7 48. Rbb2 Qd6 49. Rb1 Kg8 {[%cal Bh7g8,Bg8f8,Bf8e8,Be8d8,Bd8c8,Bc8b7,Bb7a7][%mdl 32]} 50. Rbb2 Kf8 51. Rb1 Ke8 52. Rc1 (52. Rf1 $142) 52... Kd8 53. Rb1 Kc8 54. Rbb2 Kb7 55. Rb1 Ka7 56. Rbb2 Qe6 (56... Qd8 $19 57. Kh1 Rg8) 57. Rb1 $2 {[%mdl 8192]} (57. Nc3 $17) 57... g4 58. fxg4 hxg4 59. Nxg4 Rxg4 60. hxg4 Rxg4 61. Nc7 Qg6 $2 ({Besser ist} 61... Qd7 $19 {...Th4 ist eine echte Drohung.} 62. Rd2 Rh4 63. Rxb4 cxb4 64. Nb5+ Kb7 65. Nxd4 Qxd4+ 66. Rf2 Rh7) 62. Nb5+ $11 Nxb5 63. cxb5 Rg3 64. Rbb2 $2 {[%mdl 8192]} (64. Rb3 $11 {und Weiss muss sich keine Sorgen machen.}) 64... Nxd3 $19 65. Rbd2 Qxe4 (65... c4 $142 66. Rf3 Qxe4) 66. Rf3 $2 (66. Qh5) 66... c4 67. Rxg3 $2 (67. Qf1 $19 Rg7 68. Rh3) 67... fxg3 68. Qe2 Qd4+ 69. Kf1 Qf4+ $2 (69... e4 {setzt Matt} 70. Rd1 Qf6+ 71. Kg1 Qh4 72. Qd2 {[#]} c3 $1 {[%mdl 512]} 73. Qxc3 Qh2+ 74. Kf1 Qh1+ 75. Ke2 Qxg2+ 76. Ke3 Qf3+ 77. Kd4 Qf6+ 78. Kc4 Nb2+ 79. Qxb2 Qxb2 80. Rd7+ Ka8 81. Kd5 g2 82. Rd8+ Kb7 83. Rd7+ Kc8 84. Re7 g1=Q 85. Re8+ Kd7 86. Re7+ Kxe7 87. Kc6 Qc5+ 88. Kb7 Qh8 89. Ka7 Qc7+ 90. Ka6 Qhc8#) 70. Qf3 $1 $11 Qxd2 {[%csl Gd3][%cal Rd2e1]} 71. Qf8 $2 {[%mdl 40960] Precision: Weiß = 34%, Schwarz = 65%. . An unexpected result.} (71. Qf7+ $11 Kb8 72. Qe8+ Kc7 73. Qe7+ Kc8 74. Qe8+ Kc7 75. Qe7+ Kc8 76. Qe8+ Kc7) 1/2-1/2

[Event "Your Next Move GCT 2018-Blitz"]
[Site "Leuven"]
[Date "2018.06.15"]
[Round "7"]
[White "Karjakin, Sergey"]
[Black "Vachier-Lagrave, Maxime"]
[Result "1-0"]
[WhiteElo "2816"]
[BlackElo "2837"]
[Annotator "TA"]
[PlyCount "117"]
[EventDate "2018.06.16"]
[EventType "tourn"]
[EventCountry "BEL"]
[SourceTitle "playchess.com"]
[Source "ChessBase"]
[SourceQuality "1"]

{[%evp 17,117,4,19,10,5,32,18,41,49,50,54,63,70,87,79,83,74,47,91,78,83,48,87,61,66,60,63,46,63,62,68,60,75,81,130,79,114,127,132,66,62,70,110,109,129,132,139,135,135,135,130,135,134,133,122,131,279,276,274,280,299,299,391,405,427,398,443,439,462,457,446,402,408,392,473,402,549,549,578,585,556,552,692,666,703,684,646,594,645,557,550,539,633,627,1039,1031,1425,1419,859,803,792,784]} 1. c4 c5 2. Nf3 Nc6 3. d4 cxd4 4. Nxd4 Nf6 5. Nc3 e6 6. e4 Bb4 7. Nxc6 bxc6 8. Bd3 e5 9. O-O O-O {LiveBook: 101 Games} 10. Qe2 {B44: Sicilian: Taimanov: 5 Nb5} Bc5 (10... d6 11. Na4 Ba5 12. Rd1 Qe7 13. b3 Rd8 14. Bc2 Nd7 15. Be3 Nb6 16. Nxb6 Bxb6 17. Rd3 Be6 {½-½ (27) Nepomniachtchi,I (2751)-Jakovenko,D (2735) Poikovsky 2018}) 11. Na4 $146 ({Predecessor:} 11. Be3 Bxe3 12. Qxe3 d6 13. Rac1 c5 14. Rfd1 Qe7 15. Be2 Bb7 16. Rd3 Rfd8 17. Rcd1 {1-0 (46) Trifan,A (2169)-Popist,F (1894) Willingen 2018}) 11... Bd4 12. Be3 {The position is equal.} Bxe3 13. Qxe3 d6 14. c5 d5 15. exd5 Nxd5 16. Qxe5 Re8 17. Qd6 Qg5 18. Rfe1 {[%cal Re1e8] [#]} Be6 {Threatening ...Nf4.} 19. Bf1 ({Much weaker is} 19. Qxc6 $6 Rac8 $11) (19. Qg3 {is more complex.} Qd2 20. Bc4 Qd4 21. b3 Nb4 22. Red1) 19... Rac8 20. Re4 Red8 21. Qg3 Qd2 22. Rae1 Nf6 23. R4e2 Qb4 24. b3 Rd7 25. Qc3 Qf4 26. h3 (26. g3 $142 Qg4 27. Qa5) 26... Rcd8 27. Nb2 Nd5 28. Qe5 ({Better is} 28. Qa5 $16) 28... Qxe5 $1 $14 29. Rxe5 Kf8 30. Nc4 Nc3 31. Nd6 g6 32. a3 a5 33. R5e3 Nd5 34. Rf3 $36 {[%mdl 2048] Strongly threatening Rxe6. Black is under strong pressure.} Nc7 {[#]} 35. Bc4 $1 {[%cal Rc4e6]} Bxc4 36. Nxc4 ({Much less strong is} 36. bxc4 Ne8 $14) 36... Nb5 (36... a4 $16 {is a better defense.}) 37. Nxa5 $18 Nd4 38. Rc3 h5 39. b4 h4 40. Kf1 Nb5 41. Rce3 Na7 42. Re4 g5 43. Re5 Rd5 44. Rxd5 Rxd5 {[%mdl 4096] Endgame KRN-KRN} 45. a4 Rd4 46. Rb1 Rd5 47. Ke2 {White is clearly winning.} Ke7 48. Rd1 Re5+ 49. Kd3 Kd7 50. Nc4 Re6 51. Kc3+ Kc7 52. Ne3 Re5 53. Kc4 f5 54. Rd2 f4 55. Nc2 g4 56. f3 gxh3 57. gxh3 Nc8 58. Nd4 Ne7 59. Re2 {Precision: White = 78%, Black = 29%.} 1-0

[Event "Your Next Move GCT 2018-Blitz"]
[Site "Leuven"]
[Date "2018.06.15"]
[Round "7"]
[White "Aronian, Levon"]
[Black "Giri, Anish"]
[Result "1-0"]
[WhiteElo "2809"]
[BlackElo "2799"]
[Annotator "TA"]
[PlyCount "75"]
[EventDate "2018.06.16"]
[EventType "tourn"]
[EventCountry "BEL"]
[SourceTitle "playchess.com"]
[Source "ChessBase"]
[SourceQuality "1"]

{[%evp 16,75,31,17,35,28,34,0,0,0,-3,1,0,-11,-10,0,0,-3,-3,-3,-3,-5,-4,-7,0,0,0,0,0,0,12,5,6,0,43,30,91,75,103,70,94,81,126,129,106,62,485,465,896,37,222,205,424,416,1010,1002,977,970,898,606,29998,29999]} 1. e4 e5 2. Nf3 Nf6 3. Nxe5 d6 4. Nf3 Nxe4 5. Bd3 Nf6 6. O-O {C42: Russische Verteidigung (Petrow)} Be7 7. c3 O-O 8. Bc2 Bg4 9. d4 {LiveBook: 15 Partien} Re8 10. Re1 Nbd7 11. Nbd2 {[%cal Bb1d2,Bd2f1,Bf1e3,Be3f5][%mdl 32]} d5 12. Nf1 Bd6 13. Rxe8+ Qxe8 {[#]} 14. Ne3 $146 Bh5 15. Bd2 c6 16. Nf5 Bc7 17. Ng3 Bg6 18. Bxg6 hxg6 19. Qb3 Nb6 20. Re1 Qd7 21. Ne5 Bxe5 22. dxe5 Ne8 23. Qd1 Nc7 24. b3 c5 25. h4 {[%cal Bh2h4,Bh4h5][%mdl 32]} c4 (25... Qe6 $11 {hält das Gleichgewicht.}) 26. h5 $16 d4 27. Qf3 dxc3 28. Bxc3 Qd3 29. Re3 Qb1+ 30. Kh2 $1 {zielt auf e6 ab.} Ncd5 $2 {[%mdl 8192] [#]} ({Günstiger ist} 30... Nbd5 $1 $14) 31. e6 $1 $18 {[%mdl 512]} fxe6 {[#]} (31... f6 $142 32. Bd4 Nxe3 33. Bxe3 cxb3 34. Qxb7 Kh8) 32. Re4 $2 $40 {[%mdl 128] Weiss hat einigen Angriff.} (32. Qg4 $1 $18 {[%cal Rg4e6]} Nxe3 33. Qxe6+ Kh8 34. Qxe3) 32... Qd3 $2 {[#]} ({Vergiftet wäre} 32... cxb3 $2 33. hxg6 Rf8 34. Qh5 $18) (32... Rf8 $2 33. Qg4 $18) (32... Nxc3 $14 33. Qxc3 Qd3 34. Rxc4 Qxc3 35. Rxc3 Nd5) 33. Qg4 $1 {[%cal Rg4e6]} Nxc3 $2 (33... Qxc3 34. Qxe6+ Kf8) 34. Rd4 gxh5 (34... Qc2 35. hxg6 Ne4 36. Qxe6+ Kh8 37. Qh3+ Kg8 38. Qh7+ Kf8 39. Nf5 Nf6 40. Qxg7+ Ke8 41. Qf7#) (34... Re8 $142 35. Rxd3 cxd3) 35. Qxe6+ Kh8 36. Rxd3 cxd3 37. Qg6 {Beabsichtigt Sf5 und Matt.} d2 38. Nf5 {Precision: Weiß = 58%, Schwarz = 25%.} 1-0

[Event "Your Next Move GCT 2018-Blitz"]
[Site "Leuven"]
[Date "2018.06.15"]
[Round "7"]
[White "Mamedyarov, Shakhriyar"]
[Black "Nakamura, Hikaru"]
[Result "0-1"]
[WhiteElo "2757"]
[BlackElo "2878"]
[Annotator "TA"]
[PlyCount "88"]
[EventDate "2018.06.16"]
[EventType "tourn"]
[EventCountry "BEL"]
[SourceTitle "playchess.com"]
[Source "ChessBase"]
[SourceQuality "1"]

{[%evp 23,88,-20,-28,-28,-25,-34,-20,-67,0,0,-8,-31,68,58,86,78,62,35,94,98,92,57,66,0,2,0,0,0,0,0,7,10,12,8,9,11,2,0,32,0,9,-12,0,-16,-19,-17,-20,-21,0,0,0,0,0,-360,-372,-364,-317,-490,-516,-463,-385,-1237,-981,-3454,-4556,-2521,-1811]} 1. d4 Nf6 2. c4 e6 3. Nf3 d5 4. g3 Be7 5. Bg2 O-O 6. O-O dxc4 7. Qc2 b5 8. a4 {E05: Open Catalan: 5 Nf3 Be7} b4 9. Qxc4 (9. Nfd2 c6 10. Nxc4 Qxd4 11. Rd1 Qc5 12. b3 Ba6 13. Nbd2 Nbd7 14. Bb2 Rad8 15. Rac1 Nb6 {½-½ (64) Ding,L (2781)-Wei,Y (2738) Danzhou 2017}) 9... Ba6 10. Qc2 Nbd7 11. Ne5 Nxe5 12. dxe5 Nd5 {LiveBook: 4 Games} 13. Rd1 {[#] Threatens to win with e4.} Qc8 14. Be4 h6 {[#]} 15. Bh7+ $146 ({Predecessor:} 15. Bd3 c5 {½-½ (31) Bu,X (2656)-Zhou,J (2609) Danzhou 2012}) 15... Kh8 {...b3! is the strong threat.} 16. Bd3 $1 c5 17. Nd2 b3 (17... Rd8 $15) 18. Qxb3 $14 Rb8 {[#]} 19. Bxa6 $1 Qxa6 20. Qd3 Qc6 (20... Qxd3 $14 21. exd3 Kg8) 21. Nc4 Nb4 22. Qf3 (22. Qc3 {with more complications.} Rfd8 23. Rxd8+ Rxd8 24. Be3 Nd5 25. Qb3) 22... Qa6 23. Qe4 (23. Nd6 $14) 23... Nc6 $1 $11 24. Be3 Nd4 $36 {[%mdl 2048] Black is more active.} 25. Bxd4 Qxc4 26. Qc6 {Hoping for Bc3.} Qd5 (26... Qxe2 {seems wilder.} 27. Be3 Rfc8 28. Rd2 Rxc6 29. Rxe2 Rb4) 27. Qxd5 $1 exd5 28. Be3 d4 29. Bc1 Rfd8 30. f4 c4 31. Kg2 a5 32. Kf3 f5 33. exf6 Bxf6 34. e4 {[%cal Be2e4,Be4e5][%mdl 32]} Rb3+ 35. Kg4 $1 d3 36. e5 Be7 37. Bd2 Bb4 38. Bxb4 $4 {[%mdl 8192]} (38. Ra2 $1 $11) 38... axb4 {[%mdl 4096] Endgame KRR-KRR} 39. e6 Rxb2 {White must now prevent ...Re2.} 40. a5 (40. Rac1 $142 c3 41. e7) 40... Re2 $19 41. f5 c3 {[%cal Bc4c3,Bc3c2][%mdl 32]} 42. a6 $2 (42. Kf3 Rf8 43. Rxd3 Rxe6 44. g4) 42... c2 {Black is clearly winning.} 43. Rxd3 Rxd3 44. a7 Rd8 {Precision: White = 54%, Black = 49%.} 0-1

[Event "Your Next Move GCT 2018-Blitz"]
[Site "Leuven"]
[Date "2018.06.15"]
[Round "8"]
[White "Nakamura, Hikaru"]
[Black "Grischuk, Alexander"]
[Result "1-0"]
[WhiteElo "2878"]
[BlackElo "2831"]
[Annotator "TA"]
[PlyCount "84"]
[EventDate "2018.06.16"]
[EventType "tourn"]
[EventCountry "BEL"]
[SourceTitle "playchess.com"]
[Source "ChessBase"]
[SourceQuality "1"]

{[%evp 12,84,0,-6,19,15,28,20,16,23,19,17,38,33,29,31,77,68,62,71,69,92,68,34,24,0,0,-69,-63,-116,-109,-104,-100,-102,-110,-266,-255,-243,-243,-174,0,0,0,-258,-268,-250,-279,-457,-404,-530,-474,-819,11,-285,-182,-180,0,0,4,7,7,0,0,0,0,-11,-18,-18,0,-90,299,285,1111,776,29991]} 1. e4 c5 2. Nc3 d6 3. d4 cxd4 4. Qxd4 Nc6 5. Qd2 g6 6. b3 {B23: Closed Sicilian: Lines without g3} Bh6 7. f4 {LiveBook: 3 Games} f5 $146 ({Predecessor:} 7... e5 8. Nb5 Bxf4 9. Qxd6 Qxd6 10. Nxd6+ Kf8 11. Bc4 Bxc1 12. Rxc1 {½-½ (58) Li,C (2724)-Sarana,A (2587) Qinhuangdao 2018}) 8. Bb2 {The position is equal.} Nf6 9. Bd3 Qa5 10. exf5 Bxf5 11. Nge2 Bxd3 12. Qxd3 Nb4 13. Qd2 Rc8 14. a3 Nc6 15. O-O-O O-O 16. Kb1 Bg7 17. h3 b5 18. Rhe1 b4 19. axb4 (19. Na4 $11) 19... Nxb4 $15 {White must now prevent ...Ne4!} 20. Nd4 (20. Nc1 $15) 20... Nfd5 $17 21. Na4 e5 22. fxe5 dxe5 23. c3 $2 (23. Nc6 $17 {was the only chance.} Rxc6 24. c3) 23... exd4 $19 24. cxb4 Nxb4 25. Qe2 Nc2 $2 (25... Qf5+ $19 26. Qe4 Qf7) 26. Qe6+ $11 Kh8 27. Rf1 $2 {[%mdl 8192] [#]} (27. Re2 $1 $11 Nb4 28. Bxd4 Bxd4 29. Rxd4) 27... Rfe8 $1 $19 {[%cal Re8e6]} 28. Qd7 Rcd8 29. Qb7 $2 (29. Qf7 {is the only way for White.} Qe5 30. Rd2) 29... Rb8 ({Resist} 29... Ne3 30. Rf7 $19) 30. Qd7 Red8 31. Qe7 (31. Qe6 $142 Ne3 32. Rde1 Nxf1 33. Rxf1) 31... Ne3 $2 {[#]} (31... Rxb3 $19 32. Kxc2 Re3) 32. Rf7 $2 {[%mdl 8192]} (32. Rxd4 $1 $11 {[%mdl 512] and White has nothing to worry.} Nf5 (32... Rxd4 33. Bxd4) 33. Rxd8+ Qxd8 34. Bxg7+ Nxg7 35. Qxd8+ Rxd8 36. Rf7) 32... Nf5 ({And not} 32... Nxd1 33. Rxg7 Qf5+ 34. Ka2 $11) 33. Qxa7 Qd5 $2 {[#]} (33... Qe5 $19 34. Rxg7 Qxg7 35. Qxg7+ Kxg7) 34. Rxg7 $1 $11 {[%mdl 512]} Nxg7 35. Rxd4 Qg8 $1 $132 {[%mdl 2048] And now ...Rxd4 would win. Black puts up resistance} 36. Rxd8 Rxd8 37. Nc5 {White threatens Ne6! and mate.} Re8 38. Qd7 {Strongly threatening Bxg7+.} Re1+ 39. Kc2 {Bc3 is the strong threat.} Qf8 40. Bd4 (40. Bxg7+ $11 {keeps the balance.} Qxg7 41. Qd8+ Qg8 42. Qf6+ Qg7 43. Qd8+ Qg8 44. Qf6+ Qg7 45. Qd8+) 40... h5 $2 {[%mdl 8192]} (40... Kg8 $17 {stays on course.} 41. b4 Nf5) 41. Ne6 $1 $18 {[%cal Re6f8]} Qf5+ $2 (41... Rxe6 42. Qxe6 Qc5+ 43. Bxc5 Nxe6) 42. Kd2 {[%csl Gd4,Ge6][%cal Rd7g7]} Rd1+ {Precision: White = 42%, Black = 46%.} 1-0